| 000 | 00785nam a22002417a 4500 | ||
|---|---|---|---|
| 001 | 0206684018 | ||
| 003 | DO-SdBNP | ||
| 005 | 20180216105107.0 | ||
| 007 | 0206684018 | ||
| 008 | 161206b 2001 sp a ||||| |||| 00| 0 spa d | ||
| 020 | _a9789583008368 | ||
| 040 |
_aBPMSU _bspa _cBPMSU |
||
| 100 | 1 |
_aPerrault, Charles, _d1628-1703. |
|
| 245 | 1 | 0 |
_aCenicienta / _cCharles Perrault ; ilustraciones, Javier Fernando Porras Rodríguez. |
| 260 |
_aBogotá : _bPanamericana, _c2001. _g2ª reimp. 2007 |
||
| 300 |
_a8 páginas sin numerar : _bil. ; _c27 cm. |
||
| 490 | 1 | _aBiblioteca del cuento | |
| 700 | 1 | 2 |
_aPorras Rodríguez, Javier Fernando, _eil. |
| 830 | 0 | _aBiblioteca del cuento | |
| 942 |
_2ddc _cBK |
||
| 945 | _aInventariado, 2018 /LP | ||
| 956 |
_aLOPEREZ _b10 _c20161206 _hBPMSU |
||
| 999 |
_c12320 _d12320 |
||